Campeones FMS - Estadísticas

Estadísticas generales
  • Esta prueba ha sido intentada 334 veces
    305 desde el último reinicio
  • La puntuación promedio es 13 de 14
Estadísticas de respuestas
Edición Nombre % Correcto
FMS MEX T1 Aczino
98%
FMS INTER T1 Aczino
98%
FMS ESP T1 Chuty
98%
FMS ESP T2 Chuty
98%
FMS ESP T3 Chuty
98%
FMS ARG T2 Trueno
98%
FMS ARG T1 Wos
98%
FMS CHILE T1 Teorema
94%
FMS INTER T2 Gazir
93%
FMS PERU T1 Jaze
91%
FMS ESP T4 Bnet
90%
FMS ARG T3 Stuart
88%
FMS CHILE T2 Nitro
85%
FMS MEX T2 Rapder
80%
No se encontraron pruebas coincidentes
Distribución de puntuación
Porcentaje de gente con cada puntuación
Porcentaje por número respondido
Historial de tus puntuaciones
No has intentado esta prueba desde el último reinicio